<?xml version="1.0" encoding="UTF-8"?>
<collection xmlns="http://www.loc.gov/MARC21/slim">
 <record>
  <leader>00761cam a2200205 7i4500</leader>
  <controlfield tag="001">0000026421</controlfield>
  <controlfield tag="005">20140622090000.0</controlfield>
  <controlfield tag="008">110816                 v           eng   </controlfield>
  <datafield tag="090" ind1="0" ind2="0">
   <subfield code="a">HJ 141 </subfield>
   <subfield code="b">.P8 2000</subfield>
  </datafield>
  <datafield tag="245" ind1="0" ind2="0">
   <subfield code="a">Public finance and public choice  </subfield>
   <subfield code="c">RMI Media Productions.</subfield>
  </datafield>
  <datafield tag="260" ind1="#" ind2="#">
   <subfield code="a">Olathe, KS: </subfield>
   <subfield code="b">RMI Media Productions, </subfield>
   <subfield code="c">2000.</subfield>
  </datafield>
  <datafield tag="300" ind1="#" ind2="#">
   <subfield code="a">1 videocassette (30 min.): </subfield>
   <subfield code="b">sd., col.; </subfield>
   <subfield code="c">1/2 in.</subfield>
  </datafield>
  <datafield tag="500" ind1="#" ind2="#">
   <subfield code="a">Also available in vcd</subfield>
  </datafield>
  <datafield tag="500" ind1="#" ind2="#">
   <subfield code="a">CAC- 213</subfield>
  </datafield>
  <datafield tag="590" ind1="#" ind2="#">
   <subfield code="a">Pusat Pengajian Perniagaan dan Pengurusan Maritim</subfield>
  </datafield>
  <datafield tag="650" ind1="0" ind2="0">
   <subfield code="a">Social choice </subfield>
  </datafield>
  <datafield tag="650" ind1="0" ind2="0">
   <subfield code="a">Finance, Public </subfield>
  </datafield>
  <datafield tag="710" ind1="2" ind2="1">
   <subfield code="a">RMI Media Productions </subfield>
  </datafield>
  <datafield tag="999" ind1=" " ind2=" ">
   <subfield code="a">1100009533</subfield>
   <subfield code="b">Video</subfield>
   <subfield code="c">BAHAN SUMBER MEDIA</subfield>
   <subfield code="e">BILIK BAHAN SUMBER MEDIA</subfield>
  </datafield>
  <datafield tag="999" ind1=" " ind2=" ">
   <subfield code="a">1100021641</subfield>
   <subfield code="b">CD-ROM</subfield>
   <subfield code="c">BAHAN SUMBER MEDIA</subfield>
   <subfield code="e">BILIK BAHAN SUMBER MEDIA</subfield>
  </datafield>
 </record>
</collection>
